Secularism,religion, and politics : (Record no. 91996)

MARC details
000 -LEADER
fixed length control field 00799nam a22002177a 4500
005 - DATE AND TIME OF LATEST TRANSACTION
control field 20150427110449.0
010 ## - LCCN (DPL NO)
LC control number ENG-112314
020 ## - INTERNATIONAL STANDARD BOOK NUMBER
International Standard Book Number 9781138796003
Terms of availability 695.00
035 ## - SYSTEM CONTROL NUMBER
System control number EN-95846
037 ## - SOURCE OF ACQUISITION
Source of stock number/acquisition DBAD/PUB
082 ## - DEWEY DECIMAL CLASSIFICATION NUMBER
Classification number 306.0954
245 ## - TITLE STATEMENT
Title Secularism,religion, and politics :
Statement of responsibility, etc edited by Peter Losonczi [and] Walter Van Herck
Remainder of title India and Europe /
260 ## - PUBLICATION, DISTRIBUTION, ETC. (IMPRINT)
Place of publication, distribution, etc New Delhi
Name of publisher, distributor, etc Routledge
Date of publication, distribution, etc 2015
270 ## - ADDRESS
Address 912,Tolstoy House, 15-17 Tolstoy Marg, Connaught Place
City New Delhi
Postal code 110001
300 ## - PHYSICAL DESCRIPTION
Extent xiv,222p.
Dimensions 22cm(Hb)
490 ## - SERIES STATEMENT
Series statement Ethics, Human rights and global political thought ; edited by Sebastiano Maffettone [and] Aakash Singh Rathore
500 ## - GENERAL NOTE
General note Includes index
700 ## - ADDED ENTRY--PERSONAL NAME
Personal name Losonczi, Peter
700 ## - ADDED ENTRY--PERSONAL NAME
Personal name Herck, Walter Van
942 ## - ADDED ENTRY ELEMENTS (KOHA)
Source of classification or shelving scheme Dewey Decimal Classification
Item type English Books
Call number suffix SEC
Classification part 306.0954
Holdings
Withdrawn status Lost status Not for loan Collection code Home library Current library Date acquired Source of acquisition Cost, normal purchase price Full call number Barcode Copy number Cost, replacement price Koha item type
    Not For Loan Non-fiction D.B.Act.Division D.B.Act.Division 27/02/2015 DBAD/PUB 695.00 306.0954 SEC EN-95846 1 695.00 English Books

© Delhi Public Library
Hit Counter
free hit counter